| 000 | 00844nam a2200241 a 4500 | ||
|---|---|---|---|
| 001 | 000039639 | ||
| 005 | 20201002033643.0 | ||
| 008 | 130712s2010 sp 000 f spa d | ||
| 020 | _a9788492801282 | ||
| 040 |
_aDO-SdBNP _bspa _cBNPHU |
||
| 082 |
_a823.914 _bB819o |
||
| 100 | 1 |
_aBrandreth, Gyles _965822 |
|
| 240 | 1 | 0 | _aOscar Wilde and the candlelight murders |
| 245 | 1 | 0 |
_aOscar Wilde y una muerte sin importancia. / _cGyles Brandreth; traducción, Alejandro Palomas. |
| 260 |
_aBarcelona, : _bBooks4pocket, _c2010. |
||
| 300 |
_a380 p. ; _c19 cm. |
||
| 500 | _aIncluye datos biografícos del autor en la contraportada. | ||
| 600 | 1 | 4 |
_aWILDE, OSCAR, _d1854-1900 _965823 |
| 650 | 4 |
_aNovela inglesa _91071 |
|
| 650 | 4 |
_aLiteratura inglesa _9498 |
|
| 700 | 1 | 2 |
_aPalomas, Alejandro _etrad. _965824 |
| 910 | _aValidado. Control de calidad MFF | ||
| 999 |
_c39129 _d39129 |
||